[Event "11th Chennai Open-GM 2019"]
[Site "Chennai"]
[Date "2019.01.19"]
[Round "2"]
[White "Harikrishnan.A.Ra"]
[Black "Gokhale Rishabh Chandrashekha"]
[Result "1-0"]
[WhiteElo "2430"]
[BlackElo "1973"]
[Annotator "TA"]
[PlyCount "69"]
[EventDate "2019.01.18"]
[EventType "swiss"]
[EventCountry "IND"]
[SourceTitle "playchess.com"]
[Source "ChessBase"]
[SourceQuality "1"]

{[%evp 15,69,55,56,59,64,49,64,64,74,72,91,75,130,104,133,45,48,0,96,96,104,107,114,76,118,114,138,102,179,169,172,174,188,191,250,264,280,283,356,315,315,314,337,306,404,279,271,271,265,183,168,151,411,416,818,804]} 1. e4 e5 2. Nf3 Nc6 3. Bc4 Bc5 4. c3 Qe7 5. O-O Nf6 6. d4 Bb6 7. Re1 d6 8. h3 O-O {LiveBook: 16 Games} 9. Bb3 {C53: Giuoco Piano sidelines} a6 (9... Bd7 10. Na3 Rae8 11. Nc4 Qd8 12. Nxb6 axb6 13. Bg5 h6 14. Bh4 Qe7 15. Bc2 Bc8 16. Qd2 Kh8 {1-0 (50) Bryzgalin,K (2469)-Ageichenko,G (2356) Olomouc 2011}) 10. Bc2 h6 $146 ({Predecessor:} 10... Ne8 11. Be3 g6 12. Bh6 Ng7 13. dxe5 Nxe5 14. Nbd2 {½-½ (49) Eretova,K-Borisenko Belova,V Plovdiv 1959}) 11. Be3 {White is slightly better.} Ba7 12. Nbd2 {[%cal Bb1d2,Bd2f1,Bf1g3][%mdl 32]} Kh7 13. Nf1 g6 (13... Re8 $142) 14. Ng3 Ng8 15. Nh2 (15. a4 $16) 15... Qf6 $1 $14 {[%cal Re5d4]} 16. Nf3 Nge7 (16... Qe7 $1 $11 {keeps the balance.}) 17. Qd2 $16 Qg7 18. Rad1 $36 {[%mdl 2048] White is on the roll.} b5 19. Nh2 Na5 20. b3 Nb7 21. Ne2 f5 {[#]} (21... c5 $16 {was called for.}) 22. dxe5 $1 $18 Bxe3 23. Qxe3 dxe5 {[#]} 24. f4 $1 fxe4 (24... g5 {is a better defense.}) 25. Bxe4 exf4 26. Nxf4 {Bxb7 is the strong threat.} Nf5 27. Qc1 Rb8 28. Nf3 Nbd6 29. Bb1 Re8 30. g4 Bb7 31. gxf5 Bxf3 32. fxg6+ Kh8 33. Rd3 Be4 $2 {[#]} (33... Bc6 $16) 34. Rxd6 $1 {[%mdl 512]} Bxb1 (34... cxd6 $142 35. Bxe4 Re5) 35. Nh5 {Precision: White = 51%, Black = 33%.} ({Weaker is} 35. Qxb1 cxd6 36. Kh2 Qxc3 $19) 1-0

[Event "11th Chennai Open-GM 2019"]
[Site "Chennai"]
[Date "2019.01.19"]
[Round "2"]
[White "Saranya, J."]
[Black "Pantsulaia, Levan"]
[Result "0-1"]
[WhiteElo "2094"]
[BlackElo "2597"]
[Annotator "TA"]
[PlyCount "216"]
[EventDate "2019.01.18"]
[EventType "swiss"]
[EventCountry "IND"]
[SourceTitle "playchess.com"]
[Source "ChessBase"]
[SourceQuality "1"]

{[%evp 18,216,0,-14,0,-26,-16,-68,-62,-54,-34,-58,-32,-97,-91,-103,-72,-81,-83,-83,25,25,13,18,14,15,24,0,0,-5,-5,-5,0,-5,-5,-7,0,-6,-3,-18,-18,-19,-16,-16,-14,-19,-37,-19,-8,-24,-6,0,-8,-8,-8,-8,0,-37,-37,-39,-39,-44,-39,-46,-46,-65,-60,-60,-60,-90,-61,-61,-60,-72,-65,-80,-60,-304,-244,-249,-213,-213,-213,-200,-60,-60,-60,-60,-60,-53,-60,-53,-17,-83,0,-61,-8,-8,-8,-8,-8,-54,-54,-54,-54,-54,-18,-18,-18,-18,-18,-764,-770,-709,-728,-737,-737,-736,-725,-737,0,-782,-770,-569,-468,-666,-634,-782,-729,-6398,-2361,-1597,-538,-512,-562,-653,-666,-685,-685,-679,-683,-659,-647,-276,-16,-16,-16,-16,-16,-16,-16,-697,-379,-729,-527,-774,-174,-443,0,-5560,-3460,-4998,-2172,-7618,-7516,-6207,-739,-6211,-5864,-5165,-5069,-29959,-11012,-29960,-29963,-29960,-29959,-29960,-29966,-29961,-29956,-29960,-29967,-29960,-29968,-29969,-29970,-29970,-29972,-29983,-29984,-29984,-29985,-29985,-29986,-29986,-29987,-29987,-29988,-29988,0]} 1. e4 c5 2. Nf3 a6 3. d4 cxd4 4. Nxd4 Nf6 5. Bd3 e5 6. Nb3 {B28: Sicilian: 2 Nf3 a6 (O'Kelly Variation)} Nc6 7. c4 Bb4+ 8. Nc3 Bxc3+ 9. bxc3 d6 10. O-O {LiveBook: 3 Games} O-O 11. h3 $146 ({Predecessor:} 11. Bg5 h6 12. Bh4 g5 13. Bg3 Be6 {1-0 (50) Kobalia,M (2599)-Kryakvin,D (2567) Moscow 2018}) 11... Be6 12. f4 (12. Rb1 $11) 12... exf4 13. Bxf4 Rc8 14. Bg5 Qb6+ 15. Kh1 (15. Nd4 $15 Nd7 16. Rb1) 15... Nd7 $1 $17 16. Be2 h6 17. Bf4 Nce5 18. Nd4 Nxc4 ({Don't play} 18... Bxc4 $6 19. Nf5 $11) (18... Qc7 $17) 19. Rb1 $36 {[%mdl 2048] White has some pressure.} Qc7 20. Bxc4 $1 Qxc4 21. Bxd6 Rfd8 22. Rxb7 Nf6 23. Nxe6 Rxd6 24. Qxd6 {Intending Rxf6! and mate.} Qxf1+ 25. Kh2 Re8 26. Qf4 Qxf4+ 27. Nxf4 Rxe4 {[%mdl 4096] Endgame KRN-KRN} 28. Rb4 (28. Nd3 {is more complex.} a5 29. Rb3 a4 30. Ra3 g5 31. Nb4) 28... a5 29. Rd4 Kf8 30. Nd3 Rxd4 31. cxd4 {KN-KN} Ne4 32. a4 Ke8 33. Ne5 Nd6 34. Kg3 Nf5+ 35. Kf4 Nxd4 36. Ke4 Ne6 37. Nc6 Nc5+ 38. Kd4 Nxa4 39. Nxa5 Kd7 40. Nc4 Ke6 41. Ke4 Nc3+ 42. Kf3 Nb5 43. Ne3 Nd6 44. g4 Ke5 45. Ng2 Ne4 46. Ne3 g6 47. h4 $2 (47. Nc4+ $15 Kd5 48. Nb6+ Kd4 49. Kf4) 47... Nd2+ $1 $19 48. Ke2 Nb3 $1 49. Kf3 Nd4+ 50. Kg3 {[#]} Ke4 (50... f5 $1 $19 {[%cal Rf5f4]} 51. Nc4+ Kd5 52. Nb6+ Ke4 53. gxf5 Nxf5+ 54. Kg4 Ne3+ 55. Kg3 Nf5+ 56. Kg4 Ne3+ 57. Kg3 Nf5+) 51. Nc4 $15 Nb5 52. Nd2+ Ke3 53. Nc4+ Kd4 54. Nb6 Ke4 {Threatens to win with ...Nd6.} 55. Nc4 (55. Nd7 $1 $11 {remains equal.}) 55... Kd4 56. Nb6 $1 Nd6 ({Better is} 56... Nc7 $15) 57. Kf4 $1 $11 Ne4 58. Nd7 Nc3 59. Nb8 Nd5+ 60. Kf3 Nb4 61. Nd7 Nd3 {And now ...Ne5+ would win.} 62. Nf6 Ke5 63. Ng8 h5 64. g5 $2 {[%mdl 8192]} (64. Nh6 $11) 64... Ne1+ 65. Kg3 Nc2 66. Nf6 Nd4 67. Nd7+ Ke4 68. Nf6+ Ke5 69. Nd7+ $1 Kd6 70. Nf6 Nf5+ 71. Kh3 Ke5 72. Nd7+ Kf4 73. Nf6 Nd6 (73... Ne3 $142 74. Ne8 Kf3) 74. Ng8 $19 Nc4 (74... Kf3 $142 75. Nh6 Ne4) 75. Nh6 Ne5 76. Kg2 Ke4 77. Kg3 Kd5 78. Ng8 Nd7 79. Ne7+ Kd6 80. Nc8+ {[#]} Ke6 $2 (80... Ke5 $1 $19 81. Kf3 Nc5) 81. Kf4 $11 Ne5 82. Nb6 Nc6 83. Nc4 Ne7 {...Nf5 is the strong threat.} 84. Kg3 $2 {[%mdl 8192]} (84. Nd2 $11) 84... Nf5+ $19 85. Kh3 Kd5 86. Nb6+ Ke4 $2 (86... Kc5 87. Nd7+ Kd6) 87. Nd7 Kf4 (87... Kd4 $142 88. Nb6 Kd3) 88. Nf6 $1 Ne3 89. Ng8 Kf3 90. Nf6 Ng2 91. Nd7 Nf4+ 92. Kh2 Kg4 93. Ne5+ Kxh4 94. Nxf7 Kg4 95. Kg1 Nh3+ {Black mates.} 96. Kg2 Nxg5 97. Nh6+ Kf4 98. Ng8 Nf3 99. Ne7 g5 {[%cal Bg6g5,Bg5g4][%mdl 32]} 100. Nd5+ Ke5 101. Ne3 Nh4+ 102. Kh3 Nf5 103. Ng2 g4+ 104. Kh2 Ke4 105. Ne1 h4 {[%cal Bh5h4,Bh4h3][%mdl 32]} 106. Ng2 h3 107. Ne1 Nd4 108. Kg3 Ke5 $2 {[%mdl 32768] Accuracy: White = 49%, Black = 56%. . Sensor Board Error (Ke4/e5)?} (108... Ke3 {mates} 109. Kxg4 h2 110. Ng2+ Ke4 111. Nf4 h1=Q 112. Nh5 Qg2+ 113. Ng3+ Ke5 114. Kh4 Nf5+ {[%mdl 64] Double Attack} 115. Kh5 Qh3+ 116. Kg5 Qxg3+ 117. Kh5 Nh4 118. Kh6 Qg6#) 0-1

[Event "11th Chennai Open-GM 2019"]
[Site "Chennai"]
[Date "2019.01.19"]
[Round "2"]
[White "Rathneesh R"]
[Black "Popov, Ivan"]
[Result "0-1"]
[WhiteElo "2077"]
[BlackElo "2588"]
[Annotator "TA"]
[PlyCount "80"]
[EventDate "2019.01.18"]
[EventType "swiss"]
[EventCountry "IND"]
[SourceTitle "playchess.com"]
[Source "ChessBase"]
[SourceQuality "1"]

{[%evp 19,80,40,82,82,126,134,116,47,37,26,27,17,24,-120,-99,-97,0,0,0,-11,-12,-25,0,0,0,-86,-72,-94,-95,-112,-101,-103,-79,-212,-213,-275,-272,-470,-462,-637,-620,-637,-637,-637,-623,-594,-614,-653,-555,-1103,-508,-1261,-1214,-5435,-5435,-6383,-6279,-29978,-29979,-29987,-29988,-29990,-29991]} 1. e4 c5 2. Nf3 Nc6 3. Bb5 g6 4. Bxc6 dxc6 5. d3 Bg7 6. h3 b6 {B31: Sicilian: 2...Nc6 3 Bb5 g6} (6... Nf6 7. Nc3 Nd7 8. Be3 e5 9. O-O b6 10. Nh2 Nf8 11. f4 exf4 12. Rxf4 Be6 13. Rf2 h6 14. Qd2 g5 15. Raf1 {½-½ (115) Caruana,F (2832)-Carlsen,M (2835) London 2018}) 7. a4 a5 8. Na3 e5 9. Nc4 f6 10. Be3 Nh6 {[#] LiveBook: 3 Games} 11. b4 $1 cxb4 12. Bxb6 $146 ({Predecessor:} 12. Qd2 Nf7 13. Bxb6 {1-0 (38) Kalegin,E (2462)-Pridorozhni,A (2543) Moscow 2011}) 12... Qe7 13. Nxa5 (13. Nfd2 $16) 13... Rxa5 $14 14. Bxa5 {Black must now prevent c3.} Qc5 15. Bc7 {Strongly threatening a5.} Kd7 16. a5 (16. Bxe5 $11 fxe5 17. O-O) 16... Kxc7 17. a6 Qb6 (17... Qc3+ $17 18. Ke2 Be6) 18. a7 $11 Ba6 19. Qd2 Ra8 20. O-O $1 Rxa7 21. Rfb1 Bf8 22. d4 (22. c3 $1 $11) 22... Nf7 $17 23. dxe5 fxe5 24. Ng5 {aiming for Ne6+.} Nxg5 25. Qxg5 Qc5 26. Rd1 (26. Qh4 $17 {was necessary.}) 26... Be7 $19 27. Qg3 Kb6 28. Ra2 $2 (28. Rd2) 28... Be2 29. Rxa7 Bxd1 ({Weaker is} 29... Kxa7 30. Rd7+ Kb8 31. Qb3 $17) 30. Ra8 Qc3 31. Qxc3 bxc3 32. Ra2 Bg5 33. Kf1 {[#] And now Ke1 would win.} Bd2 $1 34. Kg1 Kb5 (34... Kc5 $142 35. f4 exf4) 35. Kf1 (35. f4 $142 exf4 36. e5) 35... Kb4 36. f3 {[#]} Bxc2 $1 {[%mdl 512]} 37. Ke2 (37. Rxc2 Kb3) 37... Bb3 38. Ra8 Bc4+ {Black mates.} 39. Kd1 Kb3 40. Ra1 Kb2 {Precision: White = 20%, Black = 82%.} 0-1

[Event "11th Chennai Open-GM 2019"]
[Site "Chennai"]
[Date "2019.01.19"]
[Round "2"]
[White "Bala Kannamma P"]
[Black "Aleksandrov, Aleksej"]
[Result "0-1"]
[WhiteElo "2069"]
[BlackElo "2582"]
[Annotator "TA"]
[PlyCount "84"]
[EventDate "2019.01.18"]
[EventType "swiss"]
[EventCountry "IND"]
[SourceTitle "playchess.com"]
[Source "ChessBase"]
[SourceQuality "1"]

{[%evp 21,84,6,23,-14,-23,-32,-29,-45,-48,-51,-45,-57,-56,-62,-53,-35,-63,-63,-55,-56,-56,-50,-74,-166,-149,-250,-251,-248,-235,-321,-331,-321,-304,-387,-377,-384,-374,-437,-447,-510,-452,-450,-445,-442,-443,-425,-419,-446,-438,-606,-512,-810,-795,-1017,-860,-1375,-892,-862,-854,-1448,-1235,-2589,-2454,-1519,-1432]} 1. g3 d5 2. Nf3 c6 3. Bg2 Nf6 4. d3 h6 5. Nbd2 Bf5 6. b3 a5 7. a3 e6 8. Bb2 Be7 9. O-O O-O 10. Qe1 Bh7 11. e4 Na6 {LiveBook: 30 Games} 12. e5 {A07: Réti Opening: New York and Capablanca Systems} (12. Qe2 Nc5 13. Ne5 Re8 14. Kh1 Qb6 15. f4 Rad8 16. Ng4 Nxg4 17. Qxg4 Bf8 18. e5 Na4 19. Bc1 Nc3 20. Bb2 Na4 21. Bc1 Nc3 {½-½ (21) Movsziszian,K (2502)-Malakhatko,V (2514) Pontevedra 2016}) 12... Nd7 13. Qe2 b5 14. Ne1 $146 {Black has an edge.} ({Predecessor:} 14. h4 Qb6 15. Nh2 c5 16. c4 bxc4 17. dxc4 Nc7 18. Ng4 Rad8 19. cxd5 exd5 {½-½ (28) Fominykh,M (2332)-Sirotkina,N (2277) Sochi 2006}) 14... Qb6 15. Kh1 a4 16. b4 c5 17. bxc5 Ndxc5 18. d4 Nb7 {[%cal Bc5b7,Bb7a5,Ba5c4][%mdl 32]} 19. c3 Na5 20. Nd3 Rfc8 21. f4 Nc4 $36 {[%mdl 2048] White is under strong pressure.} 22. Nxc4 (22. Bc1 $17) 22... bxc4 $19 23. Nf2 (23. Ne1 $17 {is a better defense.}) 23... Rcb8 24. Bc1 Qa5 25. Qd2 Rb3 26. Nd1 Nc7 {[%cal Ba6c7,Bc7b5,Bb5c3][%mdl 32]} 27. g4 Bd3 28. Rg1 Nb5 {[%cal Re7a3]} 29. f5 Nxc3 30. f6 Bf8 31. fxg7 Bxg7 32. Nxc3 Qxc3 ({Less strong is} 32... Rxc3 33. Ra2 $19) 33. Qxc3 Rxc3 34. Bd2 Rb3 {Black is clearly winning.} 35. Bb4 Bf8 36. Bxf8 (36. Bd6 $142) 36... Kxf8 37. Rgd1 Rab8 38. h3 Rb2 39. Kg1 R8b3 40. Kh1 Rf2 41. Kg1 Rbb2 42. Bh1 Rh2 {Precision: White = 35%, Black = 97%.} 0-1

[Event "11th Chennai Open-GM 2019"]
[Site "Chennai"]
[Date "2019.01.19"]
[Round "2"]
[White "Dahale, Atul"]
[Black "Deepan Chakkravarthy J."]
[Result "0-1"]
[WhiteElo "2044"]
[BlackElo "2543"]
[Annotator "TA"]
[PlyCount "88"]
[EventDate "2019.01.18"]
[EventType "swiss"]
[EventCountry "IND"]
[SourceTitle "playchess.com"]
[Source "ChessBase"]
[SourceQuality "1"]

{[%evp 21,88,-41,-35,-39,-32,-43,-40,-56,-47,-65,-78,-81,-93,-94,-80,-125,-106,-126,-102,-142,-100,-93,-89,-103,-90,-162,-168,-161,-126,-228,-235,-225,-229,-231,-228,-293,-278,-286,-286,-262,-262,-344,-378,-373,-372,-368,-321,-325,-307,-479,-479,-524,-543,-531,-531,-505,-495,-1430,-1216,-2953,-2611,-29974,-29974,-29973,-29972,-29972,-29974,-5185,-5102]} 1. Nf3 c5 2. g3 d5 3. Bg2 Nc6 4. O-O Nf6 5. d3 e6 6. Nbd2 Be7 7. e4 b6 8. Re1 Bb7 9. Qe2 (9. c3 Qc7 10. Qe2 O-O 11. e5 Nd7 12. h4 b5 13. Nf1 b4 14. h5 bxc3 15. bxc3 Ba6 16. h6 g6 17. Bf4 Qa5 18. Rac1 c4 19. d4 Ba3 {1-0 (31) Hera,I (2611)-Ganguly,S (2658) Biel 2017}) 9... Nb4 {C00: French: Unusual White 2nd moves} 10. e5 Nxc2 11. exf6 Bxf6 {LiveBook: 8 Games. Black is slightly better.} 12. Rb1 Nxe1 13. Qxe1 Ba6 $146 ({Predecessor:} 13... Qd6 14. Nf1 O-O 15. Bf4 Qc6 16. Ne3 Qb5 17. Qd1 Rfe8 18. Ng4 Be7 19. Nfe5 f5 20. a4 Qb4 21. Bd2 {1-0 (21) Priborsky,I (2245)-Stiller,J (2159) Bayern 2010}) 14. Bf1 Qd6 15. Nb3 O-O 16. Bf4 Qd7 17. Ne5 Bxe5 18. Bxe5 f6 19. Bc3 e5 20. Nc1 Rae8 21. b4 d4 22. Bd2 Bb7 23. Bg2 (23. bxc5 $17 Qc6 {[#]} 24. Qe4 $1 {[%mdl 512]}) 23... Bxg2 $19 24. Kxg2 Qd5+ 25. Qe4 (25. Kg1 $17) 25... Qxe4+ 26. dxe4 c4 27. b5 f5 {...c3 is the strong threat.} 28. f3 fxe4 29. fxe4 Rd8 30. Bb4 d3 {[#] Strongly threatening ...d2.} 31. Nxd3 Rxd3 ({Weaker is} 31... cxd3 32. Bxf8 Kxf8 33. Kf3 $17) 32. Bxf8 Kxf8 {[%mdl 4096] Endgame KR-KR} 33. Rc1 Rd4 34. Kf3 Ke7 35. Ke3 (35. Rc3 {was worth a try.}) 35... Kd6 36. Rf1 Rd3+ 37. Ke2 Ra3 38. Rf7 Rxa2+ 39. Kd1 (39. Ke3 $142 Rxh2 40. Rxa7) 39... Rxh2 40. Rxg7 Kc5 41. Rxa7 Kxb5 42. Re7 c3 43. Rxe5+ Kc4 44. Re6 b5 {Precision: White = 30%, Black = 82%.} 0-1

[Event "11th Chennai Open-GM 2019"]
[Site "Chennai"]
[Date "2019.01.19"]
[Round "2"]
[White "Siddarth, M."]
[Black "Tran, Tuan Minh"]
[Result "0-1"]
[WhiteElo "2040"]
[BlackElo "2541"]
[Annotator "TA"]
[PlyCount "78"]
[EventDate "2019.01.18"]
[EventType "swiss"]
[EventCountry "IND"]
[SourceTitle "playchess.com"]
[Source "ChessBase"]
[SourceQuality "1"]

{[%evp 22,78,38,32,85,-31,-26,-58,0,-127,-114,-200,-190,-242,-215,-350,-350,-340,-337,-464,-463,-469,-453,-481,-483,-473,-466,-483,-487,-500,-543,-543,-527,-791,-801,-779,-808,-808,-803,-790,-797,-840,-821,-1100,-1100,-1045,-1038,-1093,-1089,-2363,-2284,-29984,-29985,-29992,-29993,-29993,-29994,-29994,-29995]} 1. e4 c5 2. Nf3 d6 3. d4 cxd4 4. Nxd4 Nf6 5. Nc3 a6 6. Bg5 e6 7. f4 h6 8. Bh4 Be7 9. Qf3 Qc7 10. O-O-O Nbd7 11. Qg3 {B98: Sicilian Najdorf: 6 Bg5 e6 7 f4 Be7, sidelines} (11. Be2 O-O 12. g4 b5 13. g5 hxg5 14. Bxg5 b4 15. Nd5 exd5 16. Nf5 Nc5 17. Nxe7+ Qxe7 18. e5 dxe5 19. fxe5 Qxe5 20. Bxf6 Qxf6 21. Qxf6 gxf6 {1-0 (40) Almasi,Z (2695)-Bogner,S (2599) Germany 2014}) 11... Rg8 12. Be2 {LiveBook: 17 Games} b5 (12... g5 $14 13. fxg5 hxg5 14. Bxg5 b5) 13. Bf3 $146 ({White should try} 13. e5 $16 dxe5 14. fxe5 Nxe5 15. Bf3) ({Predecessor:} 13. Bxf6 Nxf6 14. e5 Nd7 15. Bf3 d5 16. Nxe6 fxe6 17. Qg6+ Kd8 18. Nxd5 exd5 19. Bxd5 {½-½ (33) Weist,T (1975)-Juhnke,K (2142) Germany 2018}) 13... g5 $1 $15 {[%cal Rg5h4]} 14. fxg5 Ne5 ({Black should play} 14... hxg5 $15 15. Bxg5 b4) 15. gxf6 (15. g6 $11) 15... Rxg3 $17 16. fxe7 {[#]} (16. hxg3 $17 {was necessary.} Bf8 17. Kb1) 16... Rg5 $1 $19 {[%mdl 512]} 17. Bxg5 (17. a3 $142) 17... hxg5 {[%cal Bh6g5,Bg5g4][%mdl 32]} 18. Bh5 (18. a3 $142) 18... b4 (18... Qxe7 $2 19. h3 $19) ({Not} 18... Kxe7 {[#]} 19. Nf5+ $1 {[%mdl 512]} Kf8 20. Nxd6 $17) 19. Nce2 Kxe7 20. h4 g4 21. Rhf1 Bd7 22. Nf4 {intending Nf5+!} Qc4 23. Kb1 Rg8 24. Rf2 a5 {[%cal Ba6a5,Ba5a4][%mdl 32]} 25. Rfd2 a4 26. Nde2 b3 27. axb3 axb3 28. Nc3 Rb8 29. Nfe2 bxc2+ 30. Rxc2 Qa6 31. Rd4 Rh8 32. Ng3 Ra8 {[%csl Ga8][%cal Ra6a1]} 33. Kc1 Qa1+ 34. Nb1 Bb5 35. Rc7+ Kf6 36. Rc3 Ra2 {Black mates.} 37. Rd2 {[#]} Nd3+ $1 {[%mdl 512]} 38. Rcxd3 Bxd3 {[%csl Gd3][%cal Ra1b1]} 39. e5+ Kxe5 {Accuracy: White = 21%, Black = 86%.} 0-1

[Event "11th Chennai Open-GM 2019"]
[Site "Chennai"]
[Date "2019.01.19"]
[Round "2"]
[White "Sa, Kannan"]
[Black "Karthik Venkataraman"]
[Result "0-1"]
[WhiteElo "2026"]
[BlackElo "2515"]
[Annotator "TA"]
[PlyCount "128"]
[EventDate "2019.01.18"]
[EventType "swiss"]
[EventCountry "IND"]
[SourceTitle "playchess.com"]
[Source "ChessBase"]
[SourceQuality "1"]

{[%evp 23,128,10,20,12,7,7,20,0,24,7,6,0,20,0,28,13,35,0,63,13,12,14,13,5,6,27,42,5,14,0,0,0,0,0,0,0,0,0,0,0,0,0,0,0,0,0,0,0,0,0,0,0,0,0,0,0,0,0,0,0,0,0,0,0,0,0,0,0,0,0,0,0,0,0,0,0,0,0,0,-104,0,0,0,0,0,0,0,-14,-17,-17,-17,-187,-170,-161,-157,-170,-172,-297,-265,-276,-270,-287,-263,-472,-458,-5202,-2727]} 1. d4 Nf6 2. c4 e6 3. Nc3 Bb4 4. Qc2 O-O 5. a3 Bxc3+ 6. Qxc3 d6 7. Nf3 b6 8. g3 Bb7 9. Bg2 a5 10. b3 Nbd7 11. O-O Qb8 {E32: Nimzo-Indian: Classical (4 Qc2): 4...0-0} (11... c5 12. Bb2 Qc7 13. Rfd1 Rfd8 14. Rac1 Rac8 15. Bh3 d5 16. cxd5 Bxd5 17. Nd2 Qb8 18. f3 h6 19. e4 cxd4 20. Qxd4 Bb7 {1-0 (40) Georgiev,K (2590)-Bacallao Alonso,Y (2588) Batumi 2018}) 12. Bb2 Be4 {LiveBook: 9 Games} 13. Nd2 Bxg2 {The position is equal.} 14. Kxg2 Qb7+ 15. Qf3 d5 16. a4 $146 ({Predecessor:} 16. Rac1 Rac8 17. Rfe1 Ne4 18. Nxe4 dxe4 19. Qc3 {½-½ (66) Zamikhovsky,A-Sakharov,Y Kiev (Ukraine) 1963}) 16... Rfe8 17. Rfd1 h6 18. Rac1 c6 19. e4 b5 20. e5 Nh7 (20... Ne4 $11) 21. cxb5 cxb5 22. axb5 Qxb5 23. Rc7 a4 $132 {[%mdl 2048] Black is not keeping still} 24. bxa4 Qxa4 25. h4 Nhf8 26. Nf1 Qb5 27. Ba3 Rec8 28. Rdc1 Rxc7 29. Rxc7 Qb6 30. Bd6 Qxd4 31. Bxf8 Nxe5 32. Qf4 Qxf4 33. gxf4 {Hoping for Bxg7.} Ng6 34. Bc5 Nxf4+ 35. Kf3 Ra4 36. Ra7 Rc4 37. Nd2 Rxc5 38. Kxf4 $11 {[%mdl 4096] Endgame KRN-KR} h5 39. Nf3 {Black must now prevent Ng5.} f6 40. Re7 Rc4+ 41. Ke3 e5 42. Rd7 Re4+ 43. Kd3 Rf4 44. Ke2 d4 45. Rd8+ Kf7 46. Rd6 Re4+ 47. Kf1 Rg4 48. Ke2 Re4+ 49. Kf1 Kg6 50. Rd7 Rg4 51. Re7 (51. Ke2 $11 {remains equal.}) 51... Kf5 ({Better is} 51... d3 $1 $17 52. Nd2 Rxh4) 52. Ke2 Kg6 53. Rd7 Kf5 54. Re7 g6 55. Re8 Re4+ 56. Kf1 Rf4 57. Kg2 $2 (57. Ke2 $11) 57... Rg4+ {[%mdl 1024] Black has strong compensation.} 58. Kf1 Ke4 $1 {[%cal Re4f3]} 59. Nd2+ Kd3 60. Nf3 {[#]} (60. Nb3 $142) 60... e4 $1 $19 {[%cal Re4f3]} 61. Ne1+ Kd2 62. Ng2 f5 63. Rd8 $2 (63. Ra8 {is a better defense.} d3 64. Ne3 Rxh4 65. Ra2+ Kc3 66. Nd1+ Kd4 67. Kg1) 63... d3 64. Rf8 {[#]} (64. Ne3 $142 Rxh4 65. Nc4+ Kc3 66. Rc8) 64... Rxg2 $1 {Precision: White = 42%, Black = 70%.} 0-1

[Event "11th Chennai Open-GM 2019"]
[Site "Chennai"]
[Date "2019.01.19"]
[Round "2"]
[White "Gaurav Rajesh Zagade"]
[Black "Deviatkin, Andrei"]
[Result "0-1"]
[WhiteElo "2019"]
[BlackElo "2461"]
[Annotator "TA"]
[PlyCount "74"]
[EventDate "2019.01.18"]
[EventType "swiss"]
[EventCountry "IND"]
[SourceTitle "playchess.com"]
[Source "ChessBase"]
[SourceQuality "1"]

{[%evp 23,74,60,36,14,22,22,19,13,39,30,38,-16,-19,-19,-30,-21,0,0,0,0,0,0,0,0,0,-12,-12,-12,-12,-30,-30,-67,-66,-42,0,-8,-6,-21,-13,-110,-78,-159,-85,-697,-697,-2425,-1173,-29977,-29980,-29991,-29992,-29997,-29998]} 1. d4 Nf6 2. c4 c5 3. d5 g6 4. Nc3 Bg7 5. Nf3 O-O 6. g3 d6 7. Bg2 e6 8. O-O exd5 9. cxd5 Re8 10. Re1 a6 11. a4 {A62: Modern Benoni: Fianchetto Variation without early ...Nbd7} Ne4 12. Nxe4 Rxe4 {LiveBook: 26 Games} 13. Ra2 $146 {White is slightly better.} ({Predecessor:} 13. Qc2 Rb4 14. Ra2 a5 15. Bd2 Na6 16. Bc3 b5 17. axb5 Rxb5 18. Qd2 Nb4 {1-0 (49) Rodshtein,M (2699)-Deac,B (2560) Heraklio 2017}) 13... Nd7 14. Nd2 Re8 15. b3 f5 16. Nc4 Ne5 17. f4 (17. a5 $14) 17... Nxc4 $11 18. bxc4 Bd7 19. Bb2 b5 20. Bxg7 Kxg7 21. axb5 axb5 22. Qa1+ Kf7 23. cxb5 Bxb5 24. e4 Rxa2 25. Qxa2 fxe4 26. Rxe4 Qa8 $36 {[%mdl 2048] Black is more active.} 27. Qb2 Rxe4 28. Bxe4 Qa4 29. Bf3 Qc4 {[%csl Gb5][%cal Rc4f1] [#]} 30. Qa1 Qd3 31. Qd1 (31. Qa7+ $11 {keeps the balance.} Kg8 32. Qa8+ Kg7 33. Qa1+ Kh6 34. Qd1) 31... Qe3+ 32. Kg2 {[#]} Bd3 (32... c4 $142 $1 {[%cal Rc4c3]} 33. Qf1 Qb3) 33. Bg4 $2 {[%mdl 8192]} (33. Qg1 $17 Qxg1+ 34. Kxg1) 33... c4 $19 34. Be6+ Ke7 (34... Kg7 $142 35. Kh3 c3) 35. Kh3 Qf2 {Black mates.} 36. Qa1 Bf1+ 37. Kh4 Qxh2+ {Precision: White = 41%, Black = 45%.} 0-1